000
00310nam a2200145Ia 4500
100
_a
Date/C.J.
490
_v
I
942
_c
BK
654
_a
Data Base Systems
245
_a
Introduction To Data Base Systems
260
_b
Narosa Pub.
_a
NEW DELHI
_c
1993
300
_a
580
546
_a
ENGLISH
999
_c
20683
_d
20683